[Event "DEM U10w 2016"]
[Site "Willingen GER"]
[Date "2016.05.21"]
[Round "11"]
[White "Baltic, Sara"]
[Black "Butenandt, Svenja"]
[Result "0-1"]
[Termination "normal"]
[Board "1"]
[WhiteElo "1149"]
[BlackElo "1451"]
[WhiteClock "00:31:18"]
[BlackClock "00:18:53"]
[PlyCount "108"]
[WhiteFideId "16210409"]
[BlackFideId "12993859"]
[EventCountry "GER"]
[EventRounds "11"]
[EventType "swiss"]
[EventDate "2016.05.14"]

1. d4 d5 2. Bf4 Nf6 3. e3 Bf5 4. h3 e6 5. Nf3 h6 6. Nbd2 Nbd7 7. Be2 Be7 8. O-O
O-O 9. c3 c6 10. c4 Qb6 11. b3 Ba3 12. e4 Nxe4 13. Nxe4 Bxe4 14. Bd3 Bxf3 15.
Qxf3 Qxd4 16. Rad1 Qf6 17. Be2 g5 18. Be3 Qxf3 19. Bxf3 Ne5 20. Be2 dxc4 21.
bxc4 b6 22. Bd4 Ng6 23. g3 Rad8 24. Rd3 Be7 25. Rfd1 c5 26. Bc3 Rxd3 27. Rxd3
Rd8 28. Rxd8+ Bxd8 29. Bh5 Bc7 30. g4 Nf4 31. Kf1 Nxh3 32. Kg2 Nf4+ 33. Kf1
Nxh5 34. gxh5 e5 35. f3 Kg7 36. Ke2 Kf6 37. Ke3 Kf5 38. a3 g4 39. fxg4+ Kxg4
40. Ke4 Kxh5 41. Bd2 Kg6 42. Be1 a5 43. a4 Kf6 44. Bh4+ Ke6 45. Bg3 f5+ 46. Kf3
e4+ 47. Kg2 Bxg3 48. Kxg3 e3 49. Kf3 f4 50. Ke2 h5 51. Kf3 h4 52. Ke2 h3 53.
Kf3 h2 54. Kg2 e2 0-1

[Event "DEM U10w 2016"]
[Site "Willingen GER"]
[Date "2016.05.21"]
[Round "11"]
[White "Nguyen, Phuong Thao Vivien"]
[Black "Pohle, Saskia"]
[Result "1-0"]
[Termination "normal"]
[Board "2"]
[WhiteElo "1578"]
[BlackElo "1228"]
[WhiteClock "00:45:32"]
[BlackClock "00:05:39"]
[PlyCount "85"]
[WhiteFideId "16210735"]
[BlackFideId "16201604"]
[EventCountry "GER"]
[EventRounds "11"]
[EventType "swiss"]
[EventDate "2016.05.14"]

1. Nf3 d5 2. g3 Nc6 3. Bg2 Nf6 4. O-O Bf5 5. d3 e6 6. Nbd2 Be7 7. Re1 O-O 8. e4
dxe4 9. dxe4 Bg6 10. Qe2 Qd7 11. b3 e5 12. Bb2 Bd6 13. Rad1 h6 14. Nc4 Qe6 15.
Ncd2 Rad8 16. Kh1 Rfe8 17. Nh4 Bh7 18. Qf1 Nb4 19. c3 Nc6 20. Bh3 Qe7 21. Nf5
Qf8 22. f4 exf4 23. gxf4 Bc5 24. Qg2 Bxf5 25. Bxf5 a6 26. c4 Bd4 27. Bxd4 Nxd4
28. Bh3 Nc6 29. e5 Nd7 30. Ne4 Kh8 31. Bxd7 Re7 32. Bxc6 bxc6 33. Rg1 Rxd1 34.
Rxd1 Qe8 35. Rg1 Qf8 36. Nc5 a5 37. Nb7 Qg8 38. Nxa5 Re6 39. Nxc6 Rg6 40. Qd5
Rxg1+ 41. Kxg1 Qf8 42. Qd8 Qxd8 43. Nxd8 1-0

[Event "DEM U10w 2016"]
[Site "Willingen GER"]
[Date "2016.05.21"]
[Round "11"]
[White "Schneider, Anna"]
[Black "Bashylina, Luisa"]
[Result "0-1"]
[Termination "normal"]
[Board "3"]
[WhiteElo "1365"]
[BlackElo "1664"]
[WhiteClock "00:30:21"]
[BlackClock "00:28:48"]
[PlyCount "112"]
[WhiteFideId "16200527"]
[BlackFideId "12983292"]
[EventCountry "GER"]
[EventRounds "11"]
[EventType "swiss"]
[EventDate "2016.05.14"]

1. e4 c5 2. Nf3 e6 3. d4 cxd4 4. Nxd4 a6 5. c4 Qc7 6. Nc3 Nf6 7. f3 Nc6 8. Be3
Bb4 9. Qd2 Ne5 10. b3 b5 11. Bf4 Qa5 12. Rc1 Ng6 13. Be3 Bb7 14. Bd3 Ne5 15.
O-O Rc8 16. Qc2 bxc4 17. Bxc4 Nxc4 18. bxc4 Rxc4 19. Nde2 O-O 20. Qb3 Rcc8 21.
Nb1 Rb8 22. Ng3 Bc6 23. Qc2 Rfc8 24. Qf2 h6 25. Bc5 Bxc5 26. Rxc5 Qb4 27. Rcc1
Bb5 28. Rfe1 Bc6 29. a3 Qb7 30. Nd2 Bb5 31. e5 Nd5 32. Nde4 Nf4 33. Qe3 Rxc1
34. Rxc1 Nd5 35. Qc5 Qb6 36. Qxb6 Rxb6 37. Rc8+ Kh7 38. Rf8 Bd3 39. h3 Kg6 40.
Rd8 Rb1+ 41. Kh2 Bb5 42. Nc5 Nf4 43. Nxd7 Rb2 44. Nf8+ Kg5 45. Nh7+ Kh4 46. Rd4
Rxg2+ 47. Kh1 Rxg3 48. Rxf4+ Kxh3 49. Rxf7 Be2 50. Rf8 Bxf3+ 51. Rxf3 Rxf3 52.
Kg1 g5 53. a4 g4 54. a5 g3 55. Ng5+ hxg5 56. Kh1 Rf1# 0-1

[Event "DEM U10w 2016"]
[Site "Willingen GER"]
[Date "2016.05.21"]
[Round "11"]
[White "Breß, Amy Charlize"]
[Black "Müller, Alina"]
[Result "1-0"]
[Termination "normal"]
[Board "4"]
[WhiteElo "1059"]
[BlackElo "1159"]
[WhiteClock "00:19:43"]
[BlackClock "01:33:56"]
[PlyCount "157"]
[WhiteFideId "16233786"]
[BlackFideId "16265939"]
[EventCountry "GER"]
[EventRounds "11"]
[EventType "swiss"]
[EventDate "2016.05.14"]

1. e4 e6 2. d4 d5 3. Nc3 dxe4 4. Nxe4 Bd7 5. Bd3 Bc6 6. Nf3 Nd7 7. Qe2 Ngf6 8.
Bg5 Be7 9. O-O Nxe4 10. Bxe4 Bxe4 11. Qxe4 c6 12. Rfe1 O-O 13. Qh4 Re8 14. Bxe7
Rxe7 15. Rad1 Qe8 16. d5 cxd5 17. Rxd5 Rd8 18. Rd3 e5 19. Rde3 Rc8 20. c3 f6
21. Qe4 b6 22. Nd2 b5 23. Qd5+ Qf7 24. Qxf7+ Rxf7 25. Rd1 Nb6 26. Rd3 h6 27.
Ne4 Re7 28. Rd8+ Rxd8 29. Rxd8+ Kh7 30. b3 Rc7 31. Rd3 f5 32. Nd6 b4 33. c4 a5
34. Nxf5 a4 35. g3 axb3 36. axb3 e4 37. Rd4 Rf7 38. Nd6 Re7 39. Rxe4 Rd7 40.
Rd4 Nc8 41. c5 Kg8 42. Rxb4 Nxd6 43. cxd6 Rxd6 44. Rb8+ Kh7 45. b4 Rd1+ 46. Kg2
Rb1 47. b5 Kg6 48. Kf3 Kf5 49. b6 Ke6 50. b7 Kd7 51. Rg8 g5 52. b8=Q Rxb8 53.
Rxb8 Ke6 54. Rb6+ Kf5 55. Rxh6 g4+ 56. Kg2 Kg5 57. Rh4 Kf5 58. h3 gxh3+ 59.
Rxh3 Kg4 60. f3+ Kf5 61. g4+ Kf4 62. Rh8 Kg5 63. Rg8+ Kf6 64. g5+ Kf7 65. Ra8
Kg6 66. f4 Kf5 67. Kg3 Kg6 68. Kg4 Kf7 69. Kf5 Kg7 70. Ke6 Kg6 71. f5+ Kxg5 72.
f6 Kg6 73. f7 Kg5 74. f8=Q Kg6 75. Qf7+ Kg5 76. Rg8+ Kh6 77. Qf4+ Kh7 78. Rg1
Kh8 79. Qh4# 1-0

[Event "DEM U10w 2016"]
[Site "Willingen GER"]
[Date "2016.05.21"]
[Round "11"]
[White "Derling, Charlotte"]
[Black "Becker, Linda"]
[Result "1/2-1/2"]
[Termination "normal"]
[Board "5"]
[WhiteElo "974"]
[BlackElo "1093"]
[WhiteClock "00:56:45"]
[BlackClock "01:10:27"]
[PlyCount "134"]
[WhiteFideId "16222237"]
[BlackFideId "16244753"]
[EventCountry "GER"]
[EventRounds "11"]
[EventType "swiss"]
[EventDate "2016.05.14"]

1. e4 e5 2. Nf3 Nc6 3. d4 exd4 4. Nxd4 Nf6 5. Nc3 Bb4 6. Nxc6 bxc6 7. Bd3 d5 8.
O-O Bxc3 9. bxc3 dxe4 10. Be2 O-O 11. Bg5 Qe7 12. Qd4 Bf5 13. Rfe1 c5 14. Bxf6
Qxf6 15. Qxf6 gxf6 16. Bc4 Rad8 17. h3 h5 18. Rab1 Rd2 19. Rec1 c6 20. Rb7 Rd7
21. Rcb1 Re8 22. Rxd7 Bxd7 23. Rd1 Re7 24. Be2 h4 25. Bg4 Bxg4 26. hxg4 Kg7 27.
Re1 Kg6 28. f3 f5 29. gxf5+ Kxf5 30. Kh2 e3 31. Kh3 Kg5 32. g3 hxg3 33. Kxg3 f5
34. f4+ Kf6 35. Kf3 Rb7 36. Rxe3 Rb2 37. Re5 Rxa2 38. Rxc5 Ra6 39. Ke3 Rb6 40.
Ra5 Rb7 41. Kd4 Ke6 42. Kc4 Kd6 43. Rxf5 a6 44. Kd4 Ra7 45. Rf6+ Ke7 46. Ke5 a5
47. Rh6 Kf8 48. Kf6 Kg8 49. Rg6+ Kh7 50. Rg1 a4 51. Rf1 a3 52. Ke6 a2 53. Ra1
Kg7 54. f5 Kf8 55. Kd6 Ra3 56. Ke6 Ke8 57. Kd6 Kf7 58. Ke5 Ra5+ 59. Kf4 Kf6 60.
Ke4 Ra4+ 61. Kd3 Kxf5 62. Kd2 Ke4 63. Kc1 Ke3 64. Kb2 Kd2 65. Kb3 Ra5 66. c4 c5
67. Kb2 Ra4 1/2-1/2

[Event "DEM U10w 2016"]
[Site "Willingen GER"]
[Date "2016.05.21"]
[Round "11"]
[White "Zhou, Lepu Coco"]
[Black "Wörz, Ann-Sophie"]
[Result "1-0"]
[Termination "normal"]
[Board "6"]
[WhiteElo "1645"]
[BlackElo "1145"]
[WhiteClock "01:04:27"]
[BlackClock "01:04:28"]
[PlyCount "57"]
[WhiteFideId "16217136"]
[BlackFideId "16265890"]
[EventCountry "GER"]
[EventRounds "11"]
[EventType "swiss"]
[EventDate "2016.05.14"]

1. e4 e5 2. Nf3 Nc6 3. Bc4 Bc5 4. O-O Nf6 5. d4 Bxd4 6. Nxd4 Nxd4 7. Bg5 h6 8.
Bh4 d6 9. f4 Bg4 10. Qd2 Nxe4 11. Bxf7+ Kxf7 12. fxe5+ Ke6 13. Qxd4 Qxh4 14.
Qxe4 dxe5 15. Qg6+ Ke7 16. Qxg7+ Kd6 17. Nc3 Qg5 18. Ne4+ Ke6 19. Nxg5+ hxg5
20. Qf6+ Kd7 21. Qf7+ Kd8 22. Qd5+ Bd7 23. Rad1 Rh7 24. Rf7 Rxf7 25. Qxf7 Kc8
26. Rxd7 b6 27. Rxc7+ Kb8 28. Rb7+ Kc8 29. Qc7# 1-0

[Event "DEM U10w 2016"]
[Site "Willingen GER"]
[Date "2016.05.21"]
[Round "11"]
[White "Peglau, Charis"]
[Black "Adelmeyer, Nelly"]
[Result "1-0"]
[Termination "normal"]
[Board "7"]
[WhiteElo "1097"]
[BlackElo "1086"]
[PlyCount "63"]
[WhiteFideId "16219996"]
[BlackFideId "16203577"]
[EventCountry "GER"]
[EventRounds "11"]
[EventType "swiss"]
[EventDate "2016.05.14"]

1. e4 e5 2. Nf3 Nc6 3. Bc4 Bc5 4. c3 Nf6 5. d4 exd4 6. cxd4 Bb4+ 7. Nc3 h6 8.
O-O d6 9. d5 Ne5 10. Nxe5 dxe5 11. Qa4+ Bd7 12. Qxb4 b6 13. f4 c5 14. dxc6 Bxc6
15. Bb5 Qc7 16. fxe5 Ng4 17. Bf4 g5 18. Bg3 h5 19. h3 Ne3 20. Nd5 Nxd5 21. exd5
Bd7 22. Rac1 Qb7 23. e6 Bxb5 24. Qxb5+ Kf8 25. Rc7 Qb8 26. Rcxf7+ Kg8 27. Bxb8
Rxb8 28. R1f6 Rh7 29. Rxh7 Kxh7 30. Qd7+ Kg8 31. Qf7+ Kh8 32. Rh6# 1-0

[Event "DEM U10w 2016"]
[Site "Willingen GER"]
[Date "2016.05.21"]
[Round "11"]
[White "Bildat, Emilia"]
[Black "Engelhardt, Wilhelmine"]
[Result "1/2-1/2"]
[Termination "normal"]
[Board "8"]
[WhiteElo "947"]
[BlackElo "1156"]
[PlyCount "43"]
[WhiteFideId "16218140"]
[BlackFideId "16245652"]
[EventCountry "GER"]
[EventRounds "11"]
[EventType "swiss"]
[EventDate "2016.05.14"]

1. d4 Nf6 2. Nf3 e6 3. Bf4 c5 4. e3 Nc6 5. Bd3 b6 6. h3 Be7 7. O-O Nh5 8. Bh2
Bb7 9. c3 O-O 10. Nbd2 cxd4 11. exd4 f5 12. Ne5 Nf6 13. Ndf3 Nd5 14. Nxc6 Bxc6
15. Re1 Bf6 16. a3 b5 17. Rc1 a5 18. Qc2 d6 19. Rxe6 Re8 20. Rxe8+ Qxe8 21.
Bxf5 Qe7 22. Re1 1/2-1/2

[Event "DEM U10w 2016"]
[Site "Willingen GER"]
[Date "2016.05.21"]
[Round "11"]
[White "Lorenz, Anouk"]
[Black "Antonava, Sviatlana"]
[Result "1-0"]
[Termination "normal"]
[Board "9"]
[WhiteElo "1187"]
[BlackElo "1156"]
[PlyCount "25"]
[WhiteFideId "12990256"]
[BlackFideId "16216806"]
[EventCountry "GER"]
[EventRounds "11"]
[EventType "swiss"]
[EventDate "2016.05.14"]

1. e4 b6 2. d4 Bb7 3. Bd3 e6 4. Nf3 c5 5. c3 d5 6. Qe2 Nd7 7. O-O Qf6 8. Bg5
Qg6 9. exd5 Qh5 10. dxe6 Bxf3 11. exd7+ Kxd7 12. Bb5+ Kd6 13. Qe5# 1-0

[Event "DEM U10w 2016"]
[Site "Willingen GER"]
[Date "2016.05.21"]
[Round "11"]
[White "Keymer, Cecilia"]
[Black "Müller, Helene"]
[Result "1-0"]
[Termination "normal"]
[Board "10"]
[WhiteElo "923"]
[BlackElo "1107"]
[PlyCount "73"]
[WhiteFideId "16233468"]
[BlackFideId "16240456"]
[EventCountry "GER"]
[EventRounds "11"]
[EventType "swiss"]
[EventDate "2016.05.14"]

1. d4 d5 2. c4 e5 3. e3 Nc6 4. dxe5 Nxe5 5. Qxd5 Qxd5 6. cxd5 Nf6 7. f4 Ng6 8.
Bc4 Bd6 9. Nc3 Ne7 10. a3 Bf5 11. Nf3 Be4 12. Bb5+ c6 13. dxc6 Bxc6 14. O-O Bc5
15. b4 Bb6 16. Ne5 Bxb5 17. Nxb5 Ned5 18. Re1 Nxf4 19. Nc4 Nd3 20. Rd1 Nxc1 21.
Nxb6 O-O 22. Nxa8 Rxa8 23. Raxc1 a6 24. Nd4 Re8 25. h3 Rxe3 26. Rc8+ Ne8 27.
Nf5 Re6 28. Rdd8 Kf8 29. Nd6 g6 30. Nxe8 Re1+ 31. Kh2 Kg8 32. Nd6+ Kg7 33. Rd7
Kh6 34. Nxf7+ Kh5 35. Rc5+ Kh4 36. Rd4+ Re4 37. Rxe4# 1-0

[Event "DEM U10w 2016"]
[Site "Willingen GER"]
[Date "2016.05.21"]
[Round "11"]
[White "Grey, Anna"]
[Black "Peglau, Dora"]
[Result "0-1"]
[Termination "normal"]
[Board "11"]
[WhiteElo "964"]
[BlackElo "1066"]
[PlyCount "52"]
[WhiteFideId "16226917"]
[BlackFideId "16220005"]
[EventCountry "GER"]
[EventRounds "11"]
[EventType "swiss"]
[EventDate "2016.05.14"]

1. f4 d5 2. d4 Nc6 3. e3 Nf6 4. Bd3 Bg4 5. Nf3 Ne4 6. Nbd2 Nxd2 7. Bxd2 g6 8.
Qe2 Bg7 9. O-O-O O-O 10. h3 Bxf3 11. Qxf3 a6 12. g4 b5 13. h4 b4 14. h5 a5 15.
hxg6 fxg6 16. f5 a4 17. fxg6 Rxf3 18. gxh7+ Kh8 19. g5 b3 20. a3 bxc2 21. Bxc2
Rb8 22. g6 Qc8 23. Bxa4 Qb7 24. Bc3 Rxe3 25. Rd2 Rxc3+ 26. bxc3 Qb1# 0-1

[Event "DEM U10w 2016"]
[Site "Willingen GER"]
[Date "2016.05.21"]
[Round "11"]
[White "Werner, Rosalie"]
[Black "Petersen, Sophie"]
[Result "0-1"]
[Termination "normal"]
[Board "12"]
[WhiteElo "1075"]
[BlackElo "906"]
[PlyCount "106"]
[WhiteFideId "16223748"]
[BlackFideId "16229380"]
[EventCountry "GER"]
[EventRounds "11"]
[EventType "swiss"]
[EventDate "2016.05.14"]

1. e4 e5 2. Nf3 d5 3. d3 Nc6 4. Nc3 d4 5. Ne2 Nf6 6. g3 Be6 7. Bg2 Qd7 8. Neg1
h6 9. Bd2 O-O-O 10. Qe2 Be7 11. Nh4 g6 12. c3 Bg4 13. Ngf3 Be6 14. cxd4 Nxd4
15. Nxd4 Qxd4 16. Bc3 Qxd3 17. Qxd3 Rxd3 18. Bxe5 Rhd8 19. O-O Rd2 20. Rac1
R8d7 21. Rfe1 Ng4 22. Bc3 R2d6 23. h3 Nxf2 24. Kxf2 Rb6 25. a3 Bc5+ 26. Kf3
Rd3+ 27. Ke2 Re3+ 28. Kf1 Bc4+ 29. Kg1 Rxe1+ 30. Kh2 Rxc1 31. Nf3 Rd6 32. h4
Rdd1 33. Kh3 Be6+ 34. Kh2 Bg1+ 35. Nxg1 Rxg1 36. Bd4 Rgd1 37. Be3 Rb1 38. b4 g5
39. h5 Rb2 40. e5 Bd5 41. Kh3 Bxg2+ 42. Kg4 Bd5 43. Bc5 Be6+ 44. Kf3 Rf1+ 45.
Ke4 Kd7 46. Bf8 Bf5+ 47. Kd5 Rd1+ 48. Kc5 Rc2+ 49. Kb5 Be6 50. Ka4 Kc6 51. Bxh6
b6 52. Bxg5 Rb1 53. h6 Bb3# 0-1

[Event "DEM U10w 2016"]
[Site "Willingen GER"]
[Date "2016.05.21"]
[Round "11"]
[White "Scholz, Rika"]
[Black "Scherf, Alexa"]
[Result "0-1"]
[Termination "normal"]
[Board "13"]
[WhiteElo "912"]
[BlackElo "922"]
[PlyCount "74"]
[WhiteFideId "16240537"]
[EventCountry "GER"]
[EventRounds "11"]
[EventType "swiss"]
[EventDate "2016.05.14"]

1. e4 c5 2. Nf3 d6 3. Bc4 Nc6 4. Nc3 Nf6 5. Qe2 Bg4 6. Qe3 Bxf3 7. Qxf3 Nd4 8.
Qd3 e6 9. f3 Be7 10. Bb5+ Nd7 11. Ne2 e5 12. Nxd4 cxd4 13. Qe2 O-O 14. d3 Nb8
15. Bd2 a6 16. Bc4 Nc6 17. O-O-O Na5 18. Bd5 Rc8 19. Rde1 Qc7 20. Bb4 b5 21.
Bxa5 Qxa5 22. Kb1 Qb6 23. f4 b4 24. fxe5 dxe5 25. Rhf1 h6 26. Rf2 a5 27. Ref1
Kh7 28. Qf3 f6 29. Qf5+ Kh8 30. Qg6 a4 31. b3 Qc7 32. g4 Ra8 33. h4 axb3 34.
Bxa8 bxa2+ 35. Kxa2 Rxa8+ 36. Kb2 Qc3+ 37. Kb1 Qa1# 0-1

[Event "DEM U10w 2016"]
[Site "Willingen GER"]
[Date "2016.05.21"]
[Round "11"]
[White "Zöllner, Bente"]
[Black "Wimmer, Katharina"]
[Result "0-1"]
[Termination "normal"]
[Board "14"]
[WhiteElo "922"]
[BlackElo "934"]
[PlyCount "98"]
[WhiteFideId "16230523"]
[BlackFideId "16265947"]
[EventCountry "GER"]
[EventRounds "11"]
[EventType "swiss"]
[EventDate "2016.05.14"]

1. d4 d5 2. Nf3 Nf6 3. Bg5 Nc6 4. e3 Bg4 5. Be2 e6 6. h3 Bxf3 7. Bxf3 Be7 8.
Nd2 Qd7 9. c3 O-O-O 10. Qe2 h6 11. Bf4 Bd6 12. Bxd6 Qxd6 13. O-O-O Rde8 14. Kb1
e5 15. Bg4+ Nxg4 16. Qxg4+ Kb8 17. Qxg7 f6 18. Qg4 h5 19. Qf3 e4 20. Qe2 f5 21.
f4 h4 22. Rhg1 Reg8 23. Nb3 a6 24. Nc5 Rg3 25. Rdf1 Rhg8 26. Rf2 Rxh3 27. gxh3
Rxg1+ 28. Rf1 Rg3 29. Qh5 Rxh3 30. Qxf5 Rxe3 31. Rg1 Ne7 32. Nd7+ Ka7 33. Rh1
Nxf5 34. Ne5 h3 35. Kc1 Qe6 36. Kd2 Rg3 37. Ke1 Qh6 38. Nf7 Qxf4 39. Rf1 Qe3+
40. Kd1 Rg1 41. Rxg1 Qxg1+ 42. Kc2 h2 43. Ne5 h1=Q 44. c4 Qhh2+ 45. Kb3 Qxd4
46. Ka4 Qhxe5 47. b3 dxc4 48. b4 Qd1+ 49. Ka3 Qc3# 0-1

[Event "DEM U10w 2016"]
[Site "Willingen GER"]
[Date "2016.05.21"]
[Round "11"]
[White "Gossing, Marie-Sophie"]
[Black "Wilmink, Anna"]
[Result "0-1"]
[Termination "normal"]
[Board "15"]
[WhiteElo "808"]
[BlackElo "833"]
[PlyCount "56"]
[WhiteFideId "16217284"]
[BlackFideId "16273680"]
[EventCountry "GER"]
[EventRounds "11"]
[EventType "swiss"]
[EventDate "2016.05.14"]

1. e4 e6 2. d4 d5 3. exd5 exd5 4. Bd3 Bd6 5. Ne2 Nf6 6. O-O O-O 7. Bf4 Nc6 8.
c3 Bxf4 9. Nxf4 Qd6 10. Nh5 Ng4 11. Ng3 f5 12. h3 Nh6 13. Nd2 Bd7 14. Nf3 Rae8
15. Nh4 Ne7 16. Qf3 f4 17. Nh5 Ng6 18. Bxg6 hxg6 19. Rfe1 gxh5 20. Rxe8 Bxe8
21. Re1 g5 22. Kh1 gxh4 23. Re5 Nf5 24. Qxf4 Ng3+ 25. fxg3 Rxf4 26. gxf4 Kf7
27. Rf5+ Ke7 28. Re5+ Kd7 0-1

[Event "DEM U10w 2016"]
[Site "Willingen GER"]
[Date "2016.05.21"]
[Round "11"]
[White "von Beckh, Frieda"]
[Black "Feige, Adelina"]
[Result "1/2-1/2"]
[Termination "normal"]
[Board "16"]
[WhiteElo "1071"]
[BlackElo "795"]
[PlyCount "46"]
[WhiteFideId "16233751"]
[BlackFideId "16265955"]
[EventCountry "GER"]
[EventRounds "11"]
[EventType "swiss"]
[EventDate "2016.05.14"]

1. e4 e5 2. Nf3 Nc6 3. Bb5 Bd6 4. O-O Nf6 5. Re1 a6 6. Ba4 O-O 7. c3 Re8 8. d4
exd4 9. cxd4 Bb4 10. Bd2 Nxe4 11. d5 Bxd2 12. Rxe4 Rxe4 13. Nbxd2 Rb4 14. dxc6
dxc6 15. Bb3 Qf6 16. Qc2 Bf5 17. Qc1 Qg6 18. Nh4 Qg4 19. Nxf5 Qxf5 20. Qc3 Rf4
21. Nf3 Rd8 22. Qe3 Re4 23. Qa7 Qb5 1/2-1/2

[Event "DEM U10w 2016"]
[Site "Willingen GER"]
[Date "2016.05.21"]
[Round "11"]
[White "Arnold, Rubina"]
[Black "Tolpa, Amelie"]
[Result "0-1"]
[Termination "normal"]
[Board "18"]
[WhiteElo "755"]
[BlackElo "808"]
[PlyCount "74"]
[WhiteFideId "16276272"]
[BlackFideId "16275756"]
[EventCountry "GER"]
[EventRounds "11"]
[EventType "swiss"]
[EventDate "2016.05.14"]

1. Nf3 Nc6 2. g3 e5 3. d3 Bb4+ 4. Bd2 Bc5 5. Bg2 Nf6 6. O-O O-O 7. Nc3 Bd6 8.
Na4 Bb4 9. Bxb4 Nxb4 10. Qd2 a5 11. a3 Nbd5 12. c4 Nb6 13. Nxb6 cxb6 14. b4 a4
15. Qc2 Ng4 16. c5 d5 17. h3 Nh6 18. Nxe5 Qf6 19. Nf3 Nf5 20. d4 Nxd4 21. Nxd4
Qxd4 22. e3 Qf6 23. Bxd5 Bxh3 24. Rfd1 Rab8 25. Qxa4 Qf5 26. cxb6 Rfd8 27. Bxb7
Qf6 28. Rac1 Rxb7 29. Rc6 Qe7 30. Qc2 Rbb8 31. b5 h6 32. Rc3 g6 33. a4 Qf6 34.
a5 Qf3 35. Rxd8+ Rxd8 36. Qxg6+ fxg6 37. Rc8 Qg2# 0-1